Matrimonio nulidad cann̤ica y civil, separacin̤ y divorcio : aspectos sustantivo y procesal conforme a la nueva Ley de enjuiciamiento civil /

Bibliographic Details
Corporate Authors: Espaą, Centro de Estudios Ramn̤ Areces (Madrid)
Other Authors: O'Callaghan Muǫz, Xavier (coaut.)
Format: Unknown
Language:Spanish
Published: Madrid : Centro de Estudios Ramn̤ Areces, 2004
Subjects:
Online Access:Acceso restringido

MARC

LEADER 00000ny a22000003n 4500
005 20110610131759.0
008 010319s2004 sp f 001 0 spa d
035 |a 421 
040 |a SpMaUCDE  |d vLex 
080 |a 347.627.2/.3(460) 
080 |a 348.6:347.627.2 
090 |c 627  |d 627 
245 0 0 |a Matrimonio  |h [Recurso electrn̤ico]  |b nulidad cann̤ica y civil, separacin̤ y divorcio : aspectos sustantivo y procesal conforme a la nueva Ley de enjuiciamiento civil /  |c Xavier O'Callaghan Muǫz... [et al.] 
256 |a Servicio en ln̕ea 
260 |a Madrid :  |b Centro de Estudios Ramn̤ Areces,  |c 2004 
300 |a p. ;  |c cm 
650 0 4 |a Divorcio  |x Derecho  |z Espaą 
650 0 4 |a Matrimonio  |x Anulacin̤ 
650 0 4 |a Matrimonio  |x Derecho cann̤ico  |x Anulacin̤ 
650 0 4 |a Separacin̤ de cuerpos  |x Derecho  |z Espaą 
700 1 |a O'Callaghan Muǫz, Xavier,  |e coaut. 
710 1 |a Espaą.  |t Ley de enjuiciamiento civil, 2000 
710 1 |a Centro de Estudios Ramn̤ Areces (Madrid) 
740 0 |a vLex Libros (Servicios en ln̕ea) 
856 4 0 |z Acceso restringido  |u http://vlex.com/source/matrimonio-nulidad-canonica-civil-421 
942 |c BOOK 
999 0 |a Divorce  |b Madrid